Geography Quiz

Random Geography or City Quiz

World Capitals by First and Last Letter Quiz Stats

 Plays Quiz not verified by Sporcle

Score 0/40 Timer 09:00
0 Plays Today
First Letter Capital % Correct
WWarsaw
53.2%
ZZagreb
51.3%
QQuito
50%
OOslo
49.4%
MMadrid
48.1%
MMoscow
48.1%
VVaduz
47.4%
IIslamabad
45.2%
BBaghdad
44.9%
RRabat
43.9%
VVilnius
43.9%
OOttawa
43.6%
JJerusalem
42.9%
HHarare
42.9%
TTokyo
42.9%
NNiamey
42.6%
RRiyadh
42.6%
WWindhoek
42%
PPhnom Penh
41.3%
LLa Paz
40.1%
First Letter Capital % Correct
SSeoul
40.1%
RRome
39.1%
TTunis
38.1%
BBeijing
37.8%
LLuxembourg
37.5%
TTashkent
37.5%
FFreetown
36.9%
CCairo
36.5%
YYaoundé
36.5%
GGaborone
36.2%
KKuwait City
35.6%
DDublin
34.9%
CChisinau
33.3%
AAbu Dhabi
33%
BBamako
33%
CCopenhagen
32.1%
GGeorgetown
30.4%
KKuala Lumpur
28.8%
SSan Salvador
25%
PPort of Spain
22.1%

You're not logged in!

Compare scores with friends on all Sporcle quizzes.
OR
Log In

Show Comments

Extras

Top Quizzes Today


Score Distribution

Your Account Isn't Verified!

In order to create a playlist on Sporcle, you need to verify the email address you used during registration. Go to your Sporcle Settings to finish the process.

Report this User

Report this user for behavior that violates our Community Guidelines.

Details: